[Event "Banyoles op 7th"]
[Site "Banyoles"]
[Date "2004.08.23"]
[Round "8"]
[White "Parals Marce, Luis"]
[Black "Gonzalez Manchon, Juan Miguel"]
[Result "1/2-1/2"]
[WhiteElo "2189"]
[BlackElo "2131"]
[PlyCount "77"]
[EventDate "2004.08.16"]
[EventType "swiss"]
[EventRounds "9"]
[EventCountry "ESP"]
[SourceTitle "EXT 2005"]
[Source "ChessBase"]
[SourceDate "2004.11.15"]
[SourceVersion "1"]
[SourceVersionDate "2004.11.15"]
[SourceQuality "1"]

1. d4 Nf6 2. Nf3 d5 3. e3 g6 4. Bd3 Bg7 5. Nbd2 0-0 6. 0-0 Nbd7 7. c3 e5 8. e4 exd4 9. e5 dxc3 10. exf6 Qxf6 11. bxc3 Qxc3 12. Nb3 c5 13. Bb5 c4 14. Bd2 Qb2 15. Rb1 Qxa2 16. Nbd4 Ne5 17. Nxe5 Bxe5 18. Bb4 a6 19. Re1 f6 20. Re2 Qxb1 21. Qxb1 axb5 22. Bc3 Bf5 23. Qb2 Bd3 24. Re1 Rfe8 25. Nxb5 d4 26. Nxd4 Bxd4 27. Rxe8+ Rxe8 28. h4 Bxc3 29. Qxc3 Kf7 30. Qb4 Re7 31. Qd6 Bf5 32. Qd5+ Be6 33. Qc5 h5 34. Kf1 Rd7 35. Ke2 Rd5 36. Qc7+ Rd7 37. Qc5 Bd5 38. f3 Ke6 39. g4 1/2-1/2